[Event "?"]
[Site "?"]
[Date "????.??.??"]
[Round "?"]
[White "Palmo, P."]
[Black "Welz, P."]
[Result "1/2-1/2"]
[WhiteElo "2036"]
[BlackElo "2149"]
[PlyCount "55"]
[EventDate "2013.??.??"]
[WhiteTeam "Turku"]
[BlackTeam "BSW/DBAG 3"]

1. d4 f5 2. Nf3 Nf6 3. c4 g6 4. g3 Bg7 5. Bg2 O-O 6. O-O d6 7. d5 Na6 8. Nc3
Nc5 9. Nd4 e5 10. dxe6 c6 11. Bf4 Nh5 12. e7 Qxe7 13. Nxc6 bxc6 14. Bxd6 Qf6
15. Bxc5 Rd8 16. Qa4 Rb8 17. Ba3 Bd7 18. Rad1 Be8 19. Qxa7 Qe6 20. Rxd8 Rxd8
21. Qc5 Nf6 22. e3 h5 23. Qe7 Qxe7 24. Bxe7 Rd2 25. Ba3 Ng4 26. Na4 Ne5 27. Bb4
Rc2 28. Bc3 1/2-1/2

[Event "?"]
[Site "?"]
[Date "????.??.??"]
[Round "?"]
[White "Strauss, P."]
[Black "Alkkiomäki, J."]
[Result "1/2-1/2"]
[WhiteElo "1800"]
[BlackElo "1977"]
[PlyCount "40"]
[EventDate "2013.??.??"]
[WhiteTeam "BSW/DBAG 3"]
[BlackTeam "Turku"]

1. d4 d5 2. c4 e6 3. Nc3 c5 4. e3 Nc6 5. Nf3 Nf6 6. Be2 Be7 7. O-O O-O 8. dxc5
Bxc5 9. cxd5 exd5 10. h3 a6 11. a3 d4 12. exd4 Nxd4 13. Bg5 Bf5 14. Nxd4 Bxd4
15. Qb3 Qb6 16. Qxb6 Bxb6 17. Bf3 Bd4 18. Bf4 Bxc3 19. bxc3 Be4 20. Bxe4 Nxe4
1/2-1/2

[Event "?"]
[Site "?"]
[Date "????.??.??"]
[Round "?"]
[White "Ranki, M."]
[Black "Fitzke, U."]
[Result "0-1"]
[WhiteElo "1925"]
[BlackElo "2003"]
[PlyCount "76"]
[EventDate "2013.??.??"]
[WhiteTeam "Turku"]
[BlackTeam "BSW/DBAG 3"]

1. e4 c5 2. Nf3 d6 3. d4 cxd4 4. Nxd4 Nc6 5. Nc3 Nf6 6. Be2 g6 7. O-O Bg7 8.
Be3 O-O 9. h3 Bd7 10. Qd2 a6 11. Rfd1 Rc8 12. Rac1 Ne5 13. Bh6 Nc4 14. Bxc4
Rxc4 15. Bxg7 Kxg7 16. Kh1 Qc8 17. Qe3 Qc5 18. Rd3 Rc8 19. a3 Qc7 20. f4 e5 21.
Nde2 Bc6 22. Rf1 Nxe4 23. fxe5 dxe5 24. b3 Rxc3 25. Nxc3 Nxc3 26. Qg5 Ne4 27.
Qh4 f5 28. c4 Qf7 29. Kh2 Qf6 30. Qe1 Rd8 31. Re3 Rd4 32. g4 f4 33. Re2 f3 34.
Rc2 Qf4+ 35. Kg1 Ng3 36. Rff2 e4 37. Qc3 e3 38. Rcd2 exf2+ 0-1

[Event "?"]
[Site "?"]
[Date "????.??.??"]
[Round "?"]
[White "Kaiser, H."]
[Black "Rantanen, V."]
[Result "0-1"]
[WhiteElo "1851"]
[BlackElo "1917"]
[PlyCount "64"]
[EventDate "2013.??.??"]
[WhiteTeam "BSW/DBAG 3"]
[BlackTeam "Turku"]

1. e4 e6 2. d4 d5 3. exd5 exd5 4. Nf3 Nf6 5. Bd3 Bg4 6. h3 Bh5 7. O-O Be7 8.
Re1 O-O 9. Bf4 Nbd7 10. Bxc7 Qxc7 11. Rxe7 Qb6 12. g4 Qxb2 13. Nbd2 Bg6 14. Rb1
Qa3 15. Re3 Bxd3 16. Rxd3 Qa6 17. Re3 Rfe8 18. Ne5 h6 19. f4 Rac8 20. Ndf3 Nb6
21. Nd2 Qxa2 22. Rc1 Ne4 23. Nxe4 dxe4 24. g5 hxg5 25. fxg5 Qd5 26. c3 Nc4 27.
Nxc4 Qxg5+ 28. Kh2 Rxc4 29. Rg3 Qf4 30. Qg1 e3 31. Kh1 Qe4+ 32. Kh2 g6 0-1

[Event "?"]
[Site "?"]
[Date "????.??.??"]
[Round "?"]
[White "Sager, B."]
[Black "Nagorni, W."]
[Result "0-1"]
[WhiteElo "1927"]
[BlackElo "2061"]
[PlyCount "78"]
[EventDate "2013.??.??"]
[WhiteTeam "Rochade MV"]
[BlackTeam "Widukind 2"]

1. e4 c5 2. Nf3 Nc6 3. d4 cxd4 4. Nxd4 g6 5. Be2 Bg7 6. Nxc6 bxc6 7. O-O d6 8.
Kh1 Nf6 9. Nc3 O-O 10. f4 Qc7 11. Bf3 Rb8 12. Rb1 Nd7 13. Be3 Qa5 14. Bd2 Qb6
15. Na4 Qc7 16. b3 e5 17. c4 exf4 18. Bxf4 Ne5 19. Be2 Be6 20. Qe1 f5 21. c5 d5
22. exd5 Bxd5 23. Nb2 Rbe8 24. Qg3 Qa5 25. Na4 Nf7 26. Bf3 Bxf3 27. Qxf3 Re4
28. Bd6 Rfe8 29. Qd1 Re2 30. b4 Qb5 31. Rf3 Qc4 32. Bg3 Rd8 33. Qf1 Rdd2 34.
Re3 Qxa2 35. Rxe2 Rxe2 36. h3 Re4 37. Qd1 Rd4 38. Qe1 Qxa4 39. Qe8+ Bf8 0-1

[Event "?"]
[Site "?"]
[Date "????.??.??"]
[Round "?"]
[White "Perk, E."]
[Black "Fleischer, M."]
[Result "0-1"]
[WhiteElo "2008"]
[BlackElo "1912"]
[PlyCount "30"]
[EventDate "2013.??.??"]
[WhiteTeam "Widukind 2"]
[BlackTeam "Rochade MV"]

1. d4 e6 2. Nf3 d5 3. g3 Nf6 4. Bg2 Nbd7 5. Nbd2 c5 6. c3 cxd4 7. cxd4 Bd6 8.
a3 a5 9. b3 b5 10. O-O O-O 11. Ne1 Nb6 12. Nd3 Nfd7 13. Qc2 a4 14. bxa4 bxa4
15. Nb1 Nc4 0-1

[Event "?"]
[Site "?"]
[Date "????.??.??"]
[Round "?"]
[White "Hentzschel, E."]
[Black "Kundt, G."]
[Result "1-0"]
[WhiteElo "1903"]
[BlackElo "1512"]
[PlyCount "47"]
[EventDate "2013.??.??"]
[WhiteTeam "Widukind 2"]
[BlackTeam "Rochade MV"]

1. e4 c5 2. f4 Nc6 3. Nf3 e6 4. Nc3 Be7 5. d4 cxd4 6. Nxd4 Nf6 7. e5 Ng8 8. Ne4
d5 9. exd6 Bf6 10. Nb5 Kf8 11. c3 Bd7 12. Be2 Qb6 13. Qd3 g6 14. Be3 Qa6 15.
Nc5 Nb4 16. Nxd7+ Kg7 17. cxb4 Bxb2 18. Bd4+ Bxd4 19. Qxd4+ f6 20. Nc7 Qc6 21.
Nxe6+ Kf7 22. O-O Qxd7 23. Bc4 b5 24. Nc5+ 1-0

[Event "?"]
[Site "?"]
[Date "????.??.??"]
[Round "?"]
[White "Schutze, H."]
[Black "Baumgarten, W."]
[Result "1-0"]
[WhiteElo "2070"]
[BlackElo "1956"]
[PlyCount "45"]
[EventDate "2013.??.??"]
[WhiteTeam "Dänemark 2"]
[BlackTeam "BSW/DBAG 2"]

1. Nf3 f5 2. b3 Nf6 3. Bb2 d5 4. d3 e6 5. c4 c6 6. g3 Be7 7. Bg2 O-O 8. O-O Qe8
9. Nbd2 Qh5 10. Re1 Ng4 11. h3 Nf6 12. e4 fxe4 13. dxe4 Bc5 14. e5 Ne8 15. Qc2
Qg6 16. Rac1 Nd7 17. cxd5 cxd5 18. Nd4 Bb6 19. N2f3 Nc7 20. Rcd1 a6 21. a4 Qe4
22. Qd2 Qg6 23. Rf1 1-0

[Event "?"]
[Site "?"]
[Date "????.??.??"]
[Round "?"]
[White "Neudel, B."]
[Black "Poulsen, H."]
[Result "1/2-1/2"]
[WhiteElo "1887"]
[BlackElo "1853"]
[PlyCount "66"]
[EventDate "2013.??.??"]
[WhiteTeam "BSW/DBAG 2"]
[BlackTeam "Dänemark 2"]

1. c4 e6 2. d4 Bb4+ 3. Nd2 b6 4. Ngf3 Bb7 5. g3 f5 6. Bg2 Nf6 7. a3 Be7 8. b3
O-O 9. O-O Ne4 10. Bb2 Nxd2 11. Qxd2 Bf6 12. e3 Qe7 13. b4 a5 14. c5 d6 15.
cxb6 cxb6 16. bxa5 bxa5 17. Rac1 Qd7 18. Rfd1 d5 19. Ne1 Nc6 20. Nd3 Be7 21.
Nc5 Bxc5 22. Rxc5 Ba6 23. Rdc1 Rfc8 24. Qc2 Ne7 25. Bf1 Bxf1 26. Kxf1 Rxc5 27.
Qxc5 Qa7 28. Qd6 Qa6+ 29. Qxa6 Rxa6 30. Rc5 Nc6 31. Ke2 Rb6 32. Bc3 a4 33. Kd2
Kf7 1/2-1/2

[Event "?"]
[Site "?"]
[Date "????.??.??"]
[Round "?"]
[White "Ollek, K."]
[Black "Nielsen, P."]
[Result "0-1"]
[WhiteElo "1735"]
[BlackElo "1753"]
[PlyCount "108"]
[EventDate "2013.??.??"]
[WhiteTeam "BSW/DBAG 2"]
[BlackTeam "Dänemark 2"]

1. Nf3 c5 2. c4 Nc6 3. Nc3 g6 4. g3 Bg7 5. Bg2 e5 6. d3 Nge7 7. e4 O-O 8. O-O
d6 9. Be3 Bg4 10. h3 Bxf3 11. Bxf3 f5 12. Qd2 f4 13. gxf4 exf4 14. Bxf4 g5 15.
Bg4 gxf4 16. f3 Ng6 17. Kh2 Nce5 18. Qg2 Qh4 19. Bf5 Ne7 20. Be6+ Kh8 21. Rg1
Qg3+ 22. Qxg3 fxg3+ 23. Rxg3 Rxf3 24. Rxf3 Nxf3+ 25. Kg3 Ng5 26. Bg4 Bxc3 27.
bxc3 Kg7 28. Rg1 Rf8 29. h4 Nf7 30. Be2 Nc6 31. Kf4+ Kf6 32. Ke3 Nh6 33. Rb1 b6
34. Rf1+ Ke7 35. Rg1 Rg8 36. Rxg8 Nxg8 37. d4 Kf6 38. Bg4 cxd4+ 39. cxd4 a5 40.
a3 Nge7 41. Kd3 h6 42. Bd1 Ng6 43. h5 Nge7 44. d5 Ne5+ 45. Kc3 Kg5 46. Kb3 Nd3
47. Kc3 Nc5 48. Kd4 Kf4 49. Bc2 Ng8 50. e5 dxe5+ 51. Kc3 Nf6 52. Bg6 Nfe4+ 53.
Kc2 Nd6 54. Kc3 e4 0-1

[Event "?"]
[Site "?"]
[Date "????.??.??"]
[Round "?"]
[White "Berger, F."]
[Black "Kempe, R."]
[Result "0-1"]
[WhiteElo "1660"]
[BlackElo "1885"]
[PlyCount "129"]
[EventDate "2013.??.??"]
[WhiteTeam "BSW/DBAG 5"]
[BlackTeam "VS Seniorenschachklub DD"]

1. d4 Nf6 2. c4 g6 3. Nc3 Bg7 4. e4 d6 5. Bd3 O-O 6. Nge2 Na6 7. O-O c5 8. d5
e6 9. Bg5 h6 10. Bd2 Ng4 11. f4 exd5 12. cxd5 c4 13. Bxc4 Qb6+ 14. Kh1 Nf2+ 15.
Rxf2 Qxf2 16. Bxa6 bxa6 17. Qc1 Bg4 18. Be3 Qh4 19. Nd4 Qe7 20. Nc6 Qb7 21. e5
Qc7 22. Bd4 Bf5 23. Qg1 Bd7 24. exd6 Qxd6 25. Bc5 Qxf4 26. Bxf8 Bxf8 27. Qd4
Qc7 28. Qc4 Rc8 29. Rf1 Qb7 30. Ne4 Bxc6 31. dxc6 Rxc6 32. Nf6+ Kh8 33. Qd4 Qb6
34. Qe5 Re6 35. Qc3 Qb4 36. Qxb4 Bxb4 37. Nd5 Bc5 38. g3 Kg7 39. Rc1 Bd4 40.
Nc3 Rc6 41. Kg2 f5 42. Kf3 a5 43. Ke2 Kf7 44. Kd3 Bb6 45. Ke2 Ke6 46. Re1 Bd4
47. Kd3+ Be5 48. Nb5 Kf6 49. Nc3 a6 50. Re2 g5 51. Rc2 Ke6 52. Re2 f4 53. gxf4
gxf4 54. Ke4 Rc4+ 55. Kf3 Kf5 56. Rc2 h5 57. a3 h4 58. Kg2 Rc7 59. Kf3 h3 60.
Rc1 Rd7 61. Rc2 Rd3+ 62. Ke2 Re3+ 63. Kf2 Bd4 64. Ne2 Bb6 65. Rc6 0-1

[Event "?"]
[Site "?"]
[Date "????.??.??"]
[Round "?"]
[White "Bisse, V."]
[Black "Förster, J."]
[Result "1-0"]
[WhiteElo "1967"]
[BlackElo "1761"]
[PlyCount "87"]
[EventDate "2013.??.??"]
[WhiteTeam "VS Seniorenschachklub DD"]
[BlackTeam "BSW/DBAG 5"]

1. e4 e6 2. d4 d5 3. e5 c5 4. Nf3 Qb6 5. c3 Nc6 6. Na3 cxd4 7. cxd4 Bb4+ 8. Ke2
Bd7 9. Nc2 Qa6+ 10. Ke3 Qb6 11. a3 Be7 12. Bd3 Na5 13. Nd2 Bb5 14. Qe2 Bxd3 15.
Qxd3 Bg5+ 16. f4 Bh6 17. Kf3 Ne7 18. b4 Nac6 19. g4 g5 20. Nb3 gxf4 21. Bxf4
Bxf4 22. Kxf4 Ng6+ 23. Kg3 a5 24. bxa5 Nxa5 25. Rhb1 Nxb3 26. Qxb3 Qxb3+ 27.
Rxb3 O-O-O 28. a4 Rd7 29. Na3 Ne7 30. Nb5 Nc6 31. a5 Kb8 32. a6 b6 33. a7+ Nxa7
34. Nxa7 Rxa7 35. Rxb6+ Rb7 36. Rba6 Kc7 37. Rf1 Rf8 38. Rxe6 Rb3+ 39. Kh4 h5
40. Re7+ Kd8 41. Rfxf7 Rxf7 42. Rxf7 hxg4 43. Kxg4 Rb4 44. Rf4 1-0

[Event "?"]
[Site "?"]
[Date "????.??.??"]
[Round "?"]
[White "Waldmann, D."]
[Black "Guenther, E."]
[Result "0-1"]
[WhiteElo "1452"]
[BlackElo "2032"]
[PlyCount "38"]
[EventDate "2013.??.??"]
[WhiteTeam "BSW/DBAG 5"]
[BlackTeam "VS Seniorenschachklub DD"]

1. d4 Nf6 2. c4 e5 3. dxe5 Ne4 4. Nf3 Nc6 5. Qd3 Nc5 6. Qd1 d6 7. Bg5 Qd7 8.
Nc3 dxe5 9. Qxd7+ Bxd7 10. O-O-O f6 11. Be3 O-O-O 12. h3 a6 13. g4 Be6 14. Nd2
Be7 15. b3 f5 16. f3 f4 17. Bf2 Bf7 18. h4 Bg6 19. h5 Nxb3+ 0-1

[Event "?"]
[Site "?"]
[Date "????.??.??"]
[Round "?"]
[White "Kothe, H."]
[Black "Müller, H."]
[Result "1-0"]
[WhiteElo "1754"]
[BlackElo "1550"]
[PlyCount "71"]
[EventDate "2013.??.??"]
[WhiteTeam "VS Seniorenschachklub DD"]
[BlackTeam "BSW/DBAG 5"]

1. e4 e6 2. Qe2 d5 3. exd5 Qxd5 4. Nc3 Qd7 5. Nf3 Nc6 6. g3 Nd4 7. Nxd4 Qxd4 8.
Bg2 Nf6 9. d3 Bb4 10. Bd2 O-O 11. O-O Qd8 12. a3 Be7 13. Rfe1 c6 14. f4 Qb6+
15. Kh1 Qc7 16. Ne4 Bd7 17. Bc3 Nxe4 18. Bxe4 f5 19. Bg2 Bf6 20. Bxf6 Rxf6 21.
Qe3 b6 22. Qd4 Rd8 23. Re5 c5 24. Qe3 Bc6 25. Rxe6 Bxg2+ 26. Kxg2 Qb7+ 27. Kf2
Qd7 28. Re7 Qd4 29. Qxd4 Rxd4 30. Rxa7 h5 31. h4 Rf7 32. Rxf7 Kxf7 33. b3 b5
34. a4 b4 35. Re1 Kf6 36. Re5 1-0

[Event "?"]
[Site "?"]
[Date "????.??.??"]
[Round "?"]
[White "Ritter, F."]
[Black "Johannsen, I."]
[Result "1-0"]
[WhiteElo "1660"]
[BlackElo "1933"]
[PlyCount "33"]
[EventDate "2013.??.??"]
[WhiteTeam "Chemie Radebeul"]
[BlackTeam "Störtebeker"]

1. e4 e6 2. d4 d5 3. Nd2 Nf6 4. e5 Nfd7 5. Ngf3 c5 6. c3 Nc6 7. Bd3 Qb6 8. Qa4
cxd4 9. cxd4 Bb4 10. a3 Be7 11. Nb3 O-O 12. Bd2 f6 13. exf6 Bxf6 14. Be3 a6 15.
O-O Qa7 16. Na5 Nxa5 17. Qxa5 1-0

[Event "?"]
[Site "?"]
[Date "????.??.??"]
[Round "?"]
[White "Mewes, H."]
[Black "Portsch, C."]
[Result "0-1"]
[WhiteElo "1899"]
[BlackElo "1588"]
[PlyCount "69"]
[EventDate "2013.??.??"]
[WhiteTeam "Störtebeker"]
[BlackTeam "Chemie Radebeul"]

1. c4 Nf6 2. g3 d5 3. cxd5 Nxd5 4. Bg2 c6 5. Nc3 e6 6. Qb3 Nd7 7. Nxd5 exd5 8.
Nf3 Bc5 9. d4 Be7 10. O-O O-O 11. Bd2 Nf6 12. Bb4 Re8 13. Bxe7 Rxe7 14. Rfe1
Qe8 15. e3 h6 16. Rac1 Bf5 17. h3 Ne4 18. Re2 Rd8 19. Qd1 Rd6 20. Kh2 Ng5 21.
Nxg5 hxg5 22. g4 Bc8 23. Re1 Rh6 24. Bf3 g6 25. Rg1 f6 26. Rg3 Reh7 27. Qe2 Qd8
28. Rh1 f5 29. Rhg1 f4 30. Bxd5+ Qxd5 31. Rf3 Re7 32. Qd1 Rhh7 33. exf4 gxf4
34. Qd3 g5 35. Rc1 0-1

[Event "?"]
[Site "?"]
[Date "????.??.??"]
[Round "?"]
[White "Wolf, A."]
[Black "Buck, K."]
[Result "0-1"]
[WhiteElo "1400"]
[BlackElo "1730"]
[PlyCount "59"]
[EventDate "2013.??.??"]
[WhiteTeam "Chemie Radebeul"]
[BlackTeam "Störtebeker"]

1. e4 e6 2. d4 d5 3. e5 c5 4. Nf3 Nc6 5. Bb5 Bd7 6. O-O Nxe5 7. Bxd7+ Nxd7 8.
Be3 Ngf6 9. Nbd2 cxd4 10. Bxd4 Bd6 11. c4 O-O 12. Rb1 Rc8 13. Qe2 b6 14. b4 e5
15. Nxe5 Nxe5 16. Bxe5 Re8 17. f4 dxc4 18. Nxc4 Bxe5 19. fxe5 Qd4+ 20. Ne3 Rxe5
21. Qf2 Qxe3 22. Qxe3 Rxe3 23. Rfd1 Rce8 24. Rbc1 Re2 25. a4 Ra2 26. Ra1 Rxa1
27. Rxa1 Re7 28. b5 g6 29. a5 bxa5 30. Rxa5 0-1

[Event "?"]
[Site "?"]
[Date "????.??.??"]
[Round "?"]
[White "Weichelt, S."]
[Black "Stavenhagen, J."]
[Result "1/2-1/2"]
[WhiteElo "1649"]
[BlackElo "2007"]
[PlyCount "53"]
[EventDate "2013.??.??"]
[WhiteTeam "SK Heidenau"]
[BlackTeam "Saxone"]

1. e4 c5 2. Nf3 d6 3. d4 cxd4 4. Nxd4 Nf6 5. Nc3 g6 6. Be3 Bg7 7. f3 Bd7 8. Qd2
h5 9. Bc4 Nc6 10. Nd5 O-O 11. O-O-O Nxd4 12. Nxf6+ Bxf6 13. Bxd4 Bxd4 14. Qxd4
Bc6 15. h4 b5 16. Bb3 a5 17. g4 hxg4 18. h5 g5 19. Rdg1 e5 20. Qe3 Bd7 21. h6
Kh7 22. fxg4 Rc8 23. Rh2 a4 24. Bd5 b4 25. Rf2 f6 26. Qd2 Rb8 27. Rf3 1/2-1/2

[Event "?"]
[Site "?"]
[Date "????.??.??"]
[Round "?"]
[White "Alter, H."]
[Black "Kluge, J."]
[Result "1/2-1/2"]
[WhiteElo "1876"]
[BlackElo "1438"]
[PlyCount "57"]
[EventDate "2013.??.??"]
[WhiteTeam "Saxone"]
[BlackTeam "SK Heidenau"]

1. e4 c5 2. f4 Nf6 3. d3 Nc6 4. c4 e5 5. Nf3 d6 6. Be2 Bd7 7. O-O h6 8. Nc3 Be7
9. Nd5 Nxd5 10. exd5 Nd4 11. fxe5 Nxf3+ 12. Bxf3 dxe5 13. Bd2 Qc7 14. Qe2 O-O-O
15. Rfc1 Kb8 16. Be3 Qb6 17. Rab1 Rc8 18. a3 Qa6 19. Rc3 g5 20. Qf2 g4 21. Be2
Qd6 22. Rbc1 b6 23. b3 h5 24. a4 a5 25. Rf1 h4 26. Qe1 g3 27. h3 Rhf8 28. Bf3
f5 29. Bg5 1/2-1/2

[Event "?"]
[Site "?"]
[Date "????.??.??"]
[Round "?"]
[White "Hanisch, W."]
[Black "Francke, D."]
[Result "0-1"]
[WhiteElo "1211"]
[BlackElo "1722"]
[PlyCount "74"]
[EventDate "2013.??.??"]
[WhiteTeam "SK Heidenau"]
[BlackTeam "Saxone"]

1. e4 c5 2. Nf3 g6 3. Bc4 Bg7 4. Nc3 Nc6 5. O-O e6 6. d3 a6 7. a3 b5 8. Ba2
Nge7 9. Be3 d6 10. Rb1 Qa5 11. Bd2 Qc7 12. Ng5 h6 13. Nf3 Rb8 14. Ne2 a5 15.
Qc1 b4 16. a4 Ba6 17. Bf4 Na7 18. Qd2 Qc6 19. b3 Rd8 20. Qe3 Nac8 21. Rbd1 d5
22. Ne5 Qb6 23. exd5 Nxd5 24. Qf3 Nxf4 25. Qxf4 O-O 26. Ng3 Ne7 27. Ne4 Nd5 28.
Qg3 Kh7 29. Nf3 f5 30. Nfg5+ Kg8 31. Qh4 fxe4 32. Nxe4 Rf4 33. Qh3 Rxe4 34.
dxe4 Bxf1 35. Kxf1 Nc3 36. Ra1 Rd2 37. Bb1 Rd1# 0-1

[Event "?"]
[Site "?"]
[Date "????.??.??"]
[Round "?"]
[White "Zanger, K."]
[Black "Weiß, H."]
[Result "0-1"]
[WhiteElo "1817"]
[BlackElo "1632"]
[PlyCount "68"]
[EventDate "2013.??.??"]
[WhiteTeam "Saxone"]
[BlackTeam "SK Heidenau"]

1. d4 Nf6 2. c4 g6 3. Nc3 d5 4. b3 Bg7 5. e3 O-O 6. c5 c6 7. Nf3 Bf5 8. Be2
Nbd7 9. O-O Qc8 10. b4 Re8 11. Bb2 e5 12. Nh4 Be6 13. g3 Bh3 14. Ng2 e4 15. Re1
Nf8 16. b5 Bg4 17. f3 exf3 18. Bxf3 h5 19. Bc1 Ne4 20. Bxg4 hxg4 21. Nxe4 Rxe4
22. Rb1 Ne6 23. Rf1 Ng5 24. Rf4 Nf3+ 25. Kh1 f5 26. Rxe4 fxe4 27. Qe2 g5 28. a4
a6 29. Qb2 Qe6 30. Qb3 Qh6 31. Nh4 gxh4 32. gxh4 Qxh4 33. Kg2 Qxh2+ 34. Kf1
Qg1+ 0-1

[Event "?"]
[Site "?"]
[Date "????.??.??"]
[Round "?"]
[White "Bjorgvik, J."]
[Black "Wicklund-Hansen, R."]
[Result "1-0"]
[WhiteElo "1835"]
[BlackElo "1864"]
[PlyCount "147"]
[EventDate "2013.??.??"]
[WhiteTeam "Norwegen 4"]
[BlackTeam "Norwegen 3"]

1. e4 g6 2. d4 Bg7 3. Nf3 d6 4. Bc4 Nf6 5. Nc3 a6 6. h3 b5 7. Bd3 e6 8. a3 Bb7
9. O-O O-O 10. Re1 Nbd7 11. Be3 h6 12. Qd2 Kh7 13. Rad1 Rc8 14. Bf4 Qe7 15. g4
e5 16. dxe5 Nxe5 17. Nxe5 dxe5 18. Bg3 c5 19. f3 c4 20. Bf1 Rfd8 21. Qe3 Rxd1
22. Rxd1 Rd8 23. Rxd8 Qxd8 24. Bf2 Bc8 25. Be2 Ne8 26. Kf1 Nc7 27. Qb6 Qd7 28.
Qa7 Ne6 29. Nd5 Qxa7 30. Bxa7 Bb7 31. Nb4 Bf6 32. Kg1 Be7 33. Na2 g5 34. a4 Kg8
35. axb5 axb5 36. Nc3 Bc6 37. b3 b4 38. Nd5 Bxd5 39. exd5 cxb3 40. cxb3 Nf4 41.
Bc4 Nxh3+ 42. Kf1 Bd6 43. Ke2 Nf4+ 44. Ke3 Kg7 45. Ke4 Kg6 46. Be3 Ng2 47. Bf2
f5+ 48. gxf5+ Kf6 49. Bb6 Nh4 50. Bd8+ Kf7 51. Bc7 Bxc7 52. d6+ Kf6 53. dxc7
Nxf5 54. Ba6 h5 55. c8=Q Nd6+ 56. Ke3 Nxc8 57. Bxc8 Ke7 58. Bf5 Kd6 59. Ke4 Kc6
60. Kxe5 Kc5 61. Bg6 g4 62. fxg4 hxg4 63. Be4 g3 64. Bg2 Kb6 65. Kd6 Kb5 66.
Bf1+ Kb6 67. Kd5 Kb7 68. Kc5 Kc7 69. Kxb4 Kb6 70. Ka4 Kb7 71. b4 Kb6 72. b5 Kb7
73. Ka5 Ka7 74. Bg2 1-0

[Event "?"]
[Site "?"]
[Date "????.??.??"]
[Round "?"]
[White "Nilsen, K."]
[Black "Lie, T."]
[Result "0-1"]
[WhiteElo "1885"]
[BlackElo "1596"]
[PlyCount "103"]
[EventDate "2013.??.??"]
[WhiteTeam "Norwegen 3"]
[BlackTeam "Norwegen 4"]

1. e4 d6 2. d4 Nf6 3. Nc3 g6 4. Nf3 Bg7 5. Be2 Bg4 6. h3 Bxf3 7. Bxf3 Nc6 8.
O-O e5 9. dxe5 dxe5 10. Be3 Nd4 11. Bxd4 exd4 12. Ne2 c5 13. Qd3 Qb6 14. Qb3
Nd7 15. Nf4 Ne5 16. Qxb6 Nxf3+ 17. gxf3 axb6 18. Nd5 O-O 19. Nxb6 Rad8 20. Nd5
Rfe8 21. Rfe1 g5 22. Rad1 f5 23. c4 f4 24. Rd3 Be5 25. Rb3 Rd7 26. Rd1 Re6 27.
Rdd3 h5 28. Rb6 Rxb6 29. Nxb6 Rg7 30. Nd5 g4 31. Nb6 g3 32. fxg3 Rxg3+ 33. Kh2
Rg7 34. Nd5 h4 35. b4 cxb4 36. Rb3 Bb8 37. Nf6+ Kf7 38. Nd7 Bc7 39. Nc5 b6 40.
Nd3 Bd6 41. Nxb4 Rg3 42. a3 Bc5 43. Nd3 Ke7 44. Nxc5 bxc5 45. a4 Rg8 46. Ra3
Kd6 47. a5 Kc7 48. Rb3 Rd8 49. Rd3 Kb7 50. Kg2 Ka6 51. Kf2 Kxa5 52. Ke2 0-1

[Event "?"]
[Site "?"]
[Date "????.??.??"]
[Round "?"]
[White "Tveten, P."]
[Black "Kverndal, L."]
[Result "0-1"]
[WhiteElo "1593"]
[BlackElo "1843"]
[PlyCount "106"]
[EventDate "2013.??.??"]
[WhiteTeam "Norwegen 4"]
[BlackTeam "Norwegen 3"]

1. e4 c5 2. c4 Nc6 3. Nc3 g6 4. Nf3 Bg7 5. d3 d6 6. Be2 Bg4 7. h3 Bxf3 8. Bxf3
e6 9. O-O Nge7 10. Rb1 O-O 11. Be3 a6 12. Qd2 Nd4 13. Bd1 Nec6 14. f4 b5 15. b3
Rb8 16. Ne2 Nxe2+ 17. Bxe2 Bd4 18. Kh1 Bxe3 19. Qxe3 b4 20. Qg3 Nd4 21. Bd1 Kh8
22. Rb2 Rb7 23. h4 Rg8 24. Qh3 h5 25. g4 hxg4 26. Qxg4 f5 27. Qg5 Qxg5 28. hxg5
Rh7+ 29. Rh2 Rxh2+ 30. Kxh2 Kg7 31. Kg3 Rh8 32. Kg2 Kf7 33. Rh1 Rxh1 34. Kxh1
e5 35. exf5 gxf5 36. Bh5+ Kg7 37. fxe5 dxe5 38. Be8 Nf3 39. Bd7 Kg6 40. Bc8 Ne1
41. Kg1 Nxd3 42. Kf1 Nc1 43. Ke1 Nxa2 44. Kd2 Kxg5 45. Bb7 a5 46. Bh1 Kf4 47.
Bc6 e4 48. Be8 Ke5 49. Bh5 f4 50. Bg4 Kd4 51. Bd1 e3+ 52. Ke1 Nc3 53. Bf3 Ne4
0-1